Marriage and family in India : trends and emerging challenges /

Disimpan dalam:
Butiran Bibliografi
Pengarang-pengarang Lain: Sandhu, Jasmeet, (Editor)
Format: Buku
Bahasa:English
Diterbitkan: Jaipur : Rawat Publications, [2016]
Subjek-subjek:
Penanda-penanda: Tambah Penanda
Tiada Penanda, Jadilah orang pertama menanda rekod ini!
LEADER 02815cam a2200421 i 4500
001 015077832-5
005 20170731182533.0
008 160913t20162016ii b 001 0 eng
010 |a  2016330996 
020 |a 9788131607756 
020 |a 8131607755 
025 |a I-E-2016330996; 69-92 
035 0 |a ocn954224956 
037 |b Library of Congress -- New Delhi Overseas Office 
040 |a DLC  |b eng  |e rda  |c DLC  |d YDXCP  |d BTCTA  |d DKAGE  |d OCLCF  |d IDU  |d OCLCO 
042 |a lcode  |a pcc 
043 |a a-ii--- 
050 0 0 |a HQ670  |b .M356 2016 
082 0 4 |a 306.80954  |2 23 
245 0 0 |a Marriage and family in India :  |b trends and emerging challenges /  |c edited by Jasmeet Sandhu. 
264 1 |a Jaipur :  |b Rawat Publications,  |c [2016] 
264 4 |c ©2016 
300 |a xiv, 250 pages ;  |c 22 cm 
336 |a text  |b txt  |2 rdacontent 
337 |a unmediated  |b n  |2 rdamedia 
338 |a volume  |b nc  |2 rdacarrier 
500 |a Contributed articles. 
504 |a Includes bibliographical references and index. 
505 0 |a Introduction / Jasmeet Sandhu -- Changing marital practices in India / J. P. Singh -- Trends in age at marriage / B. S. Nagi -- Young people: their values and beliefs concerning marriage and family in India / Surendra K. Gupta -- Changing marriage values: opinion of girl students / Deep Punia, R. K. Punia and M. L. Sharma -- The ideology of small family / H. D. Lakshminarayana -- Effect of age at marriage on fertility: a study in Madras City / V. Kalyani -- Fertility preferences and use of contraceptive methods in Himachal Pradesh: comparative analysis of two surveys NFHS-I and NFHS-II / Savita Thakur -- Son preference and reproductive behaviour in rural Punjab / Prabhjot Malhi and Sukhvinder Singh -- Poverty and population: a study of reproductive ideals and attitude toward family planning among the rural poor in Uttar Pradesh / Arun Kumar Sharma -- Technology for human reproduction and construction of gender: a case study in Amritsar City / Jasmeet Sandhu and Anuradha -- Changing demographic structure and its implications for old age support: a situational analysis in the developing countries / P. K. B. Nayar -- Problems of the aged in unorganized sector: a case study of old age pensioners in Haryana State / Amarjit Mahajan -- Problems and needs of aged widows: some neglected dimensions / Sobha B. Nayar -- Changing parental exchange system: among elderly and their married children / Anupam Bahri -- Single parent families and public policy / Ranjay Vardhan. 
650 0 |a Marriage  |z India. 
650 0 |a Families  |z India. 
650 7 |a Families.  |2 fast  |0 (OCoLC)fst01728849 
650 7 |a Marriage.  |2 fast  |0 (OCoLC)fst01010443 
651 7 |a India.  |2 fast  |0 (OCoLC)fst01210276 
700 1 |a Sandhu, Jasmeet,  |e editor. 
899 |a 415_565535 
988 |a 20170731 
906 |0 DLC